Rumbo a Citéres-Poesias líricas

Salvato in:
Dettagli Bibliografici
Autore principale: Viancos Calderon, Rafael (Autore)
Natura: Libro
Lingua:spagnolo
Pubblicazione: Valparaíso Escuela profesional salesiana 1960
Soggetti:
Tags: Aggiungi Tag
Nessun Tag, puoi essere il primo ad aggiungerne!!

MARC

LEADER 00000nam a2200000 a 4500
001 UCH8082
003 CL-VaPUC
008 091127e19600000CL |||||||||||||||||spa|d
082 0 4 |a Ch861  |b VIA  |2 21 
100 0 |a Viancos Calderon, Rafael  |e author  |9 544490 
245 1 0 |a Rumbo a Citéres-Poesias líricas 
300 |a 128 p 
942 |c BK 
945 |d 20091127 00:00:00  |a ccalabra 
260 |a Valparaíso  |b Escuela profesional salesiana  |c 1960 
650 0 |a Literatura  |9 259151 
650 0 |a Literatura chilena   |9 308278 
650 0 |a Poesía chilena   |9 268403 
650 0 |a Poetas chilenos  |9 326722 
650 7 |a PROSA  |2 CL-VaPUC  |9 306692 
650 0 |a Lectura  |9 307634 
650 0 |a Narrativa chilena  |9 342463 
651 7 |a CHILE  |2 CL-VaPUC  |9 544491 
651 0 |a Valparaíso, Chile  |9 261144 
583 |a last modification  |c 20091127 00:00:00  |k Rodrigo Vera 
999 |c 338331  |d 338329